000 00899nam a2200229Ia 4500
001 L232-6710
003 IT-CnALBA
008 170116s9999||||xx |||||||||||||| ||und||
040 _aIT-CnALBA
_cIT-CnALBA
041 _aITALIANO
100 _aSALVONI FAUSTINO, CAN.
245 0 _aPEDAGOGIA DEL VANGELO.
250 _a1a ed.
260 _a MILANO BOLOGNA
_bANCORA EDITRICE
_c1946 [1° Ed.:1946 - Ed.Ling.Originale: 1946]
300 _a152 p. (prefazione: 5)
500 _aGESÙ PEDAGOGO. FRATELLO. MAESTRO. OTTIMISMO CRISTIANO. AUTORITÀ E CONFIDENZA. DIDATTICA DI GESÙ.
501 _aSocietà San Paolo EM - Piazza San Paolo, 14 - 12051 ALBA (CN) (non commercial uses only) ® Copyright 2017
520 _aGESÙ PEDAGOGO. FRATELLO. MAESTRO. OTTIMISMO CRISTIANO. AUTORITÀ E CONFIDENZA. DIDATTICA DI GESÙ.
650 _aVITA E MISTERO DI CRISTO
942 _cBK
957 _71
999 _a7686
_bSI
_g Copie: 1
_c265892
_d265892